| 000 | 00747nam a2200205 i 4500 | ||
|---|---|---|---|
| 001 | 143674 | ||
| 003 | ES-MaACL | ||
| 005 | 20251220171204.0 | ||
| 007 | t| | ||
| 008 | 070214s1929 sp r ||||1| gao d | ||
| 100 | 1 |
_aSerpa Pinto, R. de. _9105596 |
|
| 245 | 1 | 0 |
_aPetroglifos de Sabroso e a arte rupestre em Portugal / _cR. de Serpa Pinto. |
| 260 |
_aLa Coruña : _b"NOS" Pubricacions Galegas e Imprenta, _c1929. |
||
| 300 |
_a10 p. : _bil. ; _c28 cm. |
||
| 490 | 1 | _aPubricacións do Seminario de Estudos Galegos. Seizón de Arqueoloxia | |
| 650 | 4 |
_aPetroglifos- _zPortugal. _9159155 |
|
| 830 | 0 |
_aPublicacións do Seminario de Estudos Galegos. Seizón de Arqueoloxia _9220591 |
|
| 852 |
_aES-MaACL _j1755-F-18 |
||
| 999 |
_c143674 _d143674 |
||